Normal view MARC view
  • Syed Abdurrehman (328939)

Entry Personal Name

Number of records used in: 1

001 - CONTROL NUMBER

  • control field: 119472

003 - CONTROL NUMBER IDENTIFIER

  • control field: NUST

005 - DATE AND TIME OF LATEST TRANSACTION

  • control field: 20231205130057.0

008 - FIXED-LENGTH DATA ELEMENTS

  • fixed length control field: 231205|| aca||aabn | a|a d

040 ## - CATALOGING SOURCE

  • Original cataloging agency: NUST
  • Transcribing agency: NUST

100 ## - HEADING--PERSONAL NAME

  • Personal name: Syed Abdurrehman (328939)

670 ## - SOURCE DATA FOUND

  • Source citation: Work cat.: (NUST): Syed Abdurrehman (328939), Performance Analysis of Adsorption Chiller Using a Test Bench Model /
© 2023 Central Library, National University of Sciences and Technology. All Rights Reserved.